000 00678nam a2200241 i 4500
001 C2-0231797
003 PPAK
005 20180728084951.0
008 001203s1989 maua|||| ||||| | eng d
020 _a0395459885
040 _aPPAK
_beng
_cPPAK
_erda
082 0 4 _a428.1
_223
090 0 0 _a428.1
_bALE
_dK
100 1 _aAlexander, Martha,
_eauthor
245 1 0 _aBobo's dream
264 1 _aBoston, Massachusetts :
_bHoughton Mifflin Company ,
_c1989
300 _a32 pages :
_bcolour illustrations ;
_c19 cm
336 _2rdacontent
_atext
337 _2rdamedia
_aunmediated
338 _2rdacarrier
_avolume
650 1 0 _aPicture books for children
942 _ddc
_cB
999 _c151150
_d151150